[Event "European Seniors Teams Ch."]
[Site "Olympus"]
[Date "2011.05.07"]
[Round "5"]
[Board "3"]
[White "Raicevic, Momcilo"]
[Black "Micheli, Carlo"]
[Result "1-0"]
[WhiteElo "2364"]
[BlackElo "2258"]
[PlyCount "81"]
[EventDate "2011.05.03"]
[EventType "team"]
[EventRounds "9"]
[EventCountry "GRE"]
[WhiteTeam "Montenegro"]
[BlackTeam "Italy"]

1.c4 d6 2.g3 e5 3.Bg2 Nc6 4.Nc3 g6 5.e3 Bg7 6.Nge2 Nh6 7.O-O O-O 8.d3 Bd7 9.h3
Qc8 10.Kh2 f5 11.Nd5 Kh8 12.b4 Re8 13.b5 Nd8 14.Rb1 Ne6 15.d4 Nf7 16.Bb2 c6
17.bxc6 bxc6 18.Ndc3 Rb8 19.dxe5 Nxe5 20.Na4 Nxc4 21.Bxg7+ Nxg7 22.Qd4 Qa6
23.Nc5 dxc5 24.Qxd7 Ne5 25.Qd2 Rbd8 26.Qb2 h6 27.h4 Kh7 28.Nf4 g5 29.hxg5 hxg5
30.Nh3 Kg6 31.Nxg5 Rb8 32.Qc3 Rxb1 33.Rxb1 Qe2 34.Nh3 Nh5 35.Qxc5 Qxa2 36.Rd1
Re6 37.Qf8 Ng4+ 38.Kg1 Ngf6 39.Bf3 Qb2 40.Bxh5+ Nxh5 41.Qg8+ 1-0

[Event "European Seniors Teams Ch."]
[Site "Olympus"]
[Date "2011.05.07"]
[Round "5"]
[Board "4"]
[White "Rosino, Antonio"]
[Black "Dragasevic, Srdja"]
[Result "0-1"]
[WhiteElo "2248"]
[BlackElo "2266"]
[PlyCount "72"]
[EventDate "2011.05.03"]
[EventType "team"]
[EventRounds "9"]
[EventCountry "GRE"]
[WhiteTeam "Italy"]
[BlackTeam "Montenegro"]

1.e4 Nf6 2.e5 Nd5 3.d4 d6 4.Nf3 Bg4 5.Be2 c6 6.c4 Nb6 7.Nbd2 g6 8.O-O Bg7 9.h3
Bf5 10.b3 dxe5 11.dxe5 N8d7 12.Bb2 Qc7 13.g4 Be6 14.Ng5 Bxe5 15.Nxe6 fxe6
16.Bxe5 Qxe5 17.Bf3 O-O 18.Qe2 Qxe2 19.Bxe2 Rf4 20.Nf3 h6 21.Rad1 a5 22.Nh4 Kg7
23.Ng2 Rff8 24.Rd2 Nc5 25.f3 Rad8 26.Rfd1 Rxd2 27.Rxd2 e5 28.Bd1 Ne6 29.Rd3 Kf6
30.h4 g5 31.Kf2 Nd4 32.h5 Nd7 33.Kg3 Nc5 34.Re3 Rd8 35.Ne1 Nde6 36.Bc2 Rd2 0-1

[Event "European Seniors Teams Ch."]
[Site "Olympus"]
[Date "2011.05.07"]
[Round "5"]
[Board "1"]
[White "Pritchett, Craig W"]
[Black "Tseitlin, Mark D"]
[Result "1/2-1/2"]
[WhiteElo "2327"]
[BlackElo "2419"]
[PlyCount "127"]
[EventDate "2011.05.03"]
[EventType "team"]
[EventRounds "9"]
[EventCountry "GRE"]
[WhiteTeam "Scotland"]
[BlackTeam "Israel 1"]

1.Nf3 g6 2.e4 Bg7 3.d4 d6 4.Be2 Nf6 5.Nc3 O-O 6.O-O a6 7.a4 b6 8.Re1 Bb7 9.Bf1
e6 10.Bf4 Nc6 11.Bc4 Nb4 12.Bb3 d5 13.e5 Nd7 14.Bg5 f6 15.exf6 Bxf6 16.Bh6 Re8
17.Ne2 Qe7 18.c3 Nc6 19.Nf4 Qd6 20.Qd3 Bg7 21.Bxg7 Qxf4 22.Be5 Ncxe5 23.Nxe5
Nxe5 24.Rxe5 c5 25.g3 Qf6 26.Qe3 c4 27.Bd1 Bc6 28.Bg4 Bd7 29.h4 Re7 30.Kg2 h5
31.Bd1 a5 32.Rg5 Rg7 33.Bc2 Re8 34.Re1 Rb8 35.Re5 Re8 36.Qd2 Rf8 37.Rg5 Qf3+
38.Kg1 Qf6 39.Ree5 Be8 40.Qe2 Re7 41.Bxg6 Bxg6 42.Rxg6+ Qxg6 43.Rg5 Kf7 44.Rxg6
Kxg6 45.Qe5 Rff7 46.Qd6 Kf5 47.Qxb6 Ke4 48.Qxa5 Kd3 49.Kg2 Rf6 50.Qb6 Ref7
51.Qd6 Rg6 52.f4 Rfg7 53.Qe5 Kc2 54.Qe1 Kxb2 55.a5 Ra7 56.a6 Kb3 57.Qd1+ Kxc3
58.Qc1+ Kd3 59.Qb1+ Kd2 60.Qxg6 c3 61.Qxe6 c2 62.Qb6 c1=Q 63.Qxa7 Qe1 64.Qb6 1/2-1/2

[Event "European Seniors Teams Ch."]
[Site "Olympus"]
[Date "2011.05.07"]
[Round "5"]
[Board "2"]
[White "Birnboim, Nathan"]
[Black "Jamieson, Peter M"]
[Result "1-0"]
[WhiteElo "2362"]
[BlackElo "2277"]
[PlyCount "83"]
[EventDate "2011.05.03"]
[EventType "team"]
[EventRounds "9"]
[EventCountry "GRE"]
[WhiteTeam "Israel 1"]
[BlackTeam "Scotland"]

1.d4 Nf6 2.c4 g6 3.g3 Bg7 4.Bg2 O-O 5.Nc3 d6 6.Nf3 Nbd7 7.O-O c6 8.Qc2 Qc7 9.Rd1
Re8 10.h3 b6 11.e4 e5 12.Be3 Bb7 13.b3 a6 14.Rac1 exd4 15.Nxd4 Rad8 16.f4 Nf8
17.Bf2 c5 18.Nde2 h5 19.Nd5 Nxd5 20.cxd5 Bc8 21.Nd4 Bd7 22.b4 Qa7 23.bxc5 bxc5
24.Nf3 Rb8 25.e5 Bf5 26.Qc4 Nd7 27.Nh4 Nb6 28.Qf1 Bd7 29.Be4 Bb5 30.Qg2 Nc4
31.g4 dxe5 32.f5 g5 33.Nf3 f6 34.d6 Nb6 35.Rxc5 Rbc8 36.gxh5 Bf8 37.Rxc8 Rxc8
38.d7 Rd8 39.Nxg5 Rxd7 40.Rxd7 Bxd7 41.Bd5+ Kg7 42.h6+ 1-0

[Event "European Seniors Teams Ch."]
[Site "Olympus"]
[Date "2011.05.07"]
[Round "5"]
[Board "3"]
[White "White, Alastair F"]
[Black "Maryasin, Boris"]
[Result "0-1"]
[WhiteElo "2102"]
[BlackElo "2323"]
[PlyCount "64"]
[EventDate "2011.05.03"]
[EventType "team"]
[EventRounds "9"]
[EventCountry "GRE"]
[WhiteTeam "Scotland"]
[BlackTeam "Israel 1"]

1.d4 d5 2.c4 dxc4 3.e4 Nc6 4.Nf3 Bg4 5.d5 Ne5 6.Bf4 Ng6 7.Be3 Nf6 8.Nc3 e5
9.Bxc4 a6 10.Be2 Bd6 11.Nd2 Bd7 12.a4 O-O 13.O-O Qe7 14.Nc4 Nf4 15.Nxd6 Nxe2+
16.Nxe2 cxd6 17.f3 Ne8 18.g4 g6 19.Bh6 Ng7 20.Ng3 Rac8 21.Qb3 b5 22.axb5 Bxb5
23.Rfc1 Qd7 24.Rxc8 Rxc8 25.Rc1 Rxc1+ 26.Bxc1 f5 27.gxf5 gxf5 28.f4 exf4 29.Bxf4
fxe4 30.Nxe4 Qg4+ 31.Qg3 Qd1+ 32.Kg2 Qf1# 0-1

[Event "European Seniors Teams Ch."]
[Site "Olympus"]
[Date "2011.05.07"]
[Round "5"]
[Board "4"]
[White "Lederman, Leon"]
[Black "Borwell, Alan P"]
[Result "0-1"]
[WhiteElo "2272"]
[BlackElo "2056"]
[PlyCount "78"]
[EventDate "2011.05.03"]
[EventType "team"]
[EventRounds "9"]
[EventCountry "GRE"]
[WhiteTeam "Israel 1"]
[BlackTeam "Scotland"]

1.e4 c5 2.Nf3 Nc6 3.d4 cxd4 4.Nxd4 Nf6 5.Nc3 d6 6.Bg5 e6 7.Qd2 a6 8.O-O-O Bd7
9.f4 h6 10.Bxf6 gxf6 11.Kb1 b5 12.Nf3 b4 13.Ne2 a5 14.Ned4 Nxd4 15.Nxd4 Rb8
16.Be2 a4 17.Bh5 Qa5 18.f5 Qe5 19.g4 a3 20.Rhe1 Bg7 21.b3 O-O 22.c4 bxc3 23.Qxc3
Rfc8 24.Qd2 Bb5 25.Nxb5 Rxb5 26.Qd4 Qxh2 27.Rd2 Qg3 28.Red1 Rbc5 29.Rd3 Qf4
30.Qe3 Qe5 31.Qd4 Qh2 32.R3d2 Qf4 33.Qxd6 Qxe4+ 34.Rd3 Rd5 35.Bxf7+ Kh8 36.Qa6
Rcd8 37.Kc2 Qe2+ 38.Kc3 Qe5+ 39.Kc4 Qc7+ 0-1

[Event "European Seniors Teams Ch."]
[Site "Olympus"]
[Date "2011.05.07"]
[Round "5"]
[Board "1"]
[White "Rodriguez Vargas, Orestes"]
[Black "Rantanen, Yrjo A"]
[Result "1-0"]
[WhiteElo "2405"]
[BlackElo "2373"]
[PlyCount "77"]
[EventDate "2011.05.03"]
[EventType "team"]
[EventRounds "9"]
[EventCountry "GRE"]
[WhiteTeam "Catalonia"]
[BlackTeam "Finland 1"]

1.d4 Nf6 2.c4 e6 3.Nc3 Bb4 4.e3 O-O 5.Bd3 d5 6.Nf3 b6 7.a3 Bd6 8.O-O Bb7 9.b3
Nbd7 10.Bb2 a6 11.b4 dxc4 12.Bxc4 e5 13.e4 exd4 14.Qxd4 Qe7 15.Nd5 Qxe4 16.Qxe4
Nxe4 17.Rad1 Rad8 18.Rfe1 Rfe8 19.Re3 Kf8 20.Red3 b5 21.Ba2 Ndf6 22.Ne3 g6
23.Ng5 Rd7 24.Nxe4 Nxe4 25.f3 Ng5 26.h4 Ne6 27.Ng4 Red8 28.Kf1 Nf4 29.Rd4 Nh5
30.Bc1 Ng3+ 31.Kf2 Nf5 32.R4d2 Bg3+ 33.Kf1 Rxd2 34.Rxd2 Re8 35.Re2 Bxh4 36.Rxe8+
Kxe8 37.Ne5 f6 38.Nd3 Ke7 39.Bg8 1-0

[Event "European Seniors Teams Ch."]
[Site "Olympus"]
[Date "2011.05.07"]
[Round "5"]
[Board "2"]
[White "Westerinen, Heikki M J"]
[Black "Simon Padros, Emili"]
[Result "1/2-1/2"]
[WhiteElo "2350"]
[BlackElo "2281"]
[PlyCount "100"]
[EventDate "2011.05.03"]
[EventType "team"]
[EventRounds "9"]
[EventCountry "GRE"]
[WhiteTeam "Finland 1"]
[BlackTeam "Catalonia"]

1.e4 e6 2.d4 d5 3.Nd2 Nc6 4.Ngf3 Nf6 5.e5 Nd7 6.Be2 f6 7.exf6 Qxf6 8.Nf1 Bd6
9.Ne3 O-O 10.O-O Qg6 11.c3 Nf6 12.g3 Bd7 13.Nh4 Qf7 14.f4 Ne7 15.Nf3 Ne4 16.Ne5
Qe8 17.Bh5 Qd8 18.Bf3 Bxe5 19.dxe5 Bc6 20.Nc2 Nf5 21.Nd4 Nxd4 22.Qxd4 Bb5 23.Rd1
c5 24.Qe3 Qe7 25.b3 Rac8 26.c4 Bc6 27.cxd5 exd5 28.Bxe4 dxe4 29.Rd6 b6 30.Bb2
Rfd8 31.Rad1 Ba8 32.f5 Rxd6 33.exd6 Qf7 34.Qg5 Bc6 35.f6 g6 36.Qh6 Rd8 37.Be5
Rd7 38.Qg7+ Qxg7 39.fxg7 Rf7 40.Rf1 Rf3 41.Rxf3 exf3 42.Kf2 h5 43.d7 Bxd7
44.Kxf3 b5 45.Bb2 a5 46.Ke4 c4 47.bxc4 bxc4 48.Kd5 Be8 49.a3 a4 50.Kxc4 Bf7+ 1/2-1/2

[Event "European Seniors Teams Ch."]
[Site "Olympus"]
[Date "2011.05.07"]
[Round "5"]
[Board "3"]
[White "Coll Enriquez, Lluis"]
[Black "Hurme, Harri"]
[Result "1-0"]
[WhiteElo "2182"]
[BlackElo "2277"]
[PlyCount "95"]
[EventDate "2011.05.03"]
[EventType "team"]
[EventRounds "9"]
[EventCountry "GRE"]
[WhiteTeam "Catalonia"]
[BlackTeam "Finland 1"]

1.e4 c5 2.Nc3 Nc6 3.g3 g6 4.Bg2 Bg7 5.d3 e6 6.Be3 d6 7.Qd2 Rb8 8.f4 Nge7 9.h4 h5
10.Nh3 b6 11.O-O d5 12.exd5 exd5 13.Rae1 O-O 14.Bf2 Nd4 15.Kh2 Ndf5 16.Ng5 d4
17.Nd1 Nh6 18.c4 Ng4+ 19.Kg1 Bb7 20.Ne4 Nf5 21.Kh1 Qd7 22.Bf3 Rfe8 23.Kg2 Re7
24.Re2 Rbe8 25.Rfe1 Nd6 26.Nxd6 Bxf3+ 27.Kxf3 Qxd6 28.Rxe7 Rxe7 29.Rxe7 Qxe7
30.Qe1 Qd7 31.b3 Nf6 32.Ke2 Qb7 33.Qg1 a6 34.Kd2 b5 35.Kc2 bxc4 36.bxc4 Qb4
37.Nb2 Qc3+ 38.Kb1 Ng4 39.Qe1 Kf8 40.Qxc3 dxc3 41.Bxc5+ Ke8 42.Nd1 Nh2 43.Kc2
Nf1 44.Bf2 Kd7 45.Nxc3 Ke6 46.Ne4 Kf5 47.c5 Bf8 48.Kc3 1-0

[Event "European Seniors Teams Ch."]
[Site "Olympus"]
[Date "2011.05.07"]
[Round "5"]
[Board "4"]
[White "Kanko, Ilkka"]
[Black "Buxade Roca, Guillermo"]
[Result "1/2-1/2"]
[WhiteElo "2231"]
[BlackElo "2173"]
[PlyCount "107"]
[EventDate "2011.05.03"]
[EventType "team"]
[EventRounds "9"]
[EventCountry "GRE"]
[WhiteTeam "Finland 1"]
[BlackTeam "Catalonia"]

1.d4 d5 2.c4 e6 3.Nc3 Nf6 4.Bg5 Be7 5.e3 h6 6.Bh4 O-O 7.Nf3 Nbd7 8.Qc2 c6 9.Bd3
b6 10.O-O Bb7 11.Rad1 Rc8 12.Ne5 Nxe5 13.dxe5 Nd7 14.Bxe7 Qxe7 15.f4 Nc5 16.Be2
a5 17.Kh1 Rcd8 18.cxd5 exd5 19.Na4 Nxa4 20.Qxa4 f6 21.exf6 Qxf6 22.Qb3 c5 23.Bf3
c4 24.Qb5 Qc6 25.Qxc6 Bxc6 26.Kg1 b5 27.Rd4 Kf7 28.Rfd1 Ke7 29.Bxd5 Bxd5 30.Rxd5
Rxd5 31.Rxd5 Rb8 32.Kf2 a4 33.Ke2 b4 34.Rd2 b3 35.axb3 cxb3 36.Rd1 Rc8 37.Ra1
Rc2+ 38.Kf3 Rxb2 39.Rxa4 Rc2 40.Rb4 b2 41.h4 Kd6 42.g4 Kc5 43.Rb8 Kc4 44.Ke4 Kc3
45.Kf5 Rc1 46.Kg6 b1=Q+ 47.Rxb1 Rxb1 48.Kxg7 Kd3 49.f5 Kxe3 50.f6 Kf4 51.f7 Rb7
52.g5 hxg5 53.hxg5 Kxg5 54.Kg8 1/2-1/2

[Event "European Seniors Teams Ch."]
[Site "Olympus"]
[Date "2011.05.07"]
[Round "5"]
[Board "1"]
[White "Uhlmann, Wolfgang"]
[Black "Titz, Heimo"]
[Result "1-0"]
[WhiteElo "2389"]
[BlackElo "2183"]
[PlyCount "139"]
[EventDate "2011.05.03"]
[EventType "team"]
[EventRounds "9"]
[EventCountry "GRE"]
[WhiteTeam "Germany"]
[BlackTeam "Niederoesterreich"]

1.c4 c5 2.Nf3 Nf6 3.Nc3 Nc6 4.g3 g6 5.d4 cxd4 6.Nxd4 d6 7.Bg2 Bd7 8.O-O Bg7
9.Nc2 O-O 10.b3 Qa5 11.Bd2 Rfc8 12.e4 Ng4 13.Nd5 Qd8 14.Rb1 a5 15.h3 Nf6 16.Re1
Rab8 17.Bf1 Be8 18.Bg5 Nd7 19.Qd2 Nc5 20.Bh6 Bh8 21.Rbd1 Bd7 22.Qe3 Be6 23.Kh2
b6 24.Nf4 Bd7 25.Nd5 Be6 26.f4 Rb7 27.Qf2 Rd7 28.Bg2 Bxd5 29.exd5 Nb4 30.Nxb4
axb4 31.f5 Ra8 32.h4 Rda7 33.Re2 Be5 34.Rdd2 Qe8 35.Qf3 f6 36.Bh3 Kh8 37.Rc2 Qf7
38.Rg2 Rg8 39.Bd2 g5 40.h5 Na6 41.Bg4 Bd4 42.Qe4 Bc5 43.Qe1 Rga8 44.Re2 h6
45.Bf3 Kg7 46.g4 Kf8 47.Be4 Qe8 48.Rc1 Nb8 49.Bb1 Na6 50.Re4 b5 51.Qe2 bxc4
52.Rexc4 Nc7 53.Qe4 Rxa2 54.Bxa2 Rxa2 55.R4c2 Rxc2 56.Rxc2 Qb8 57.Rc4 Qa8
58.Bxb4 Bb6 59.Rc6 Qa7 60.Kg2 Qa2+ 61.Qc2 Qxc2+ 62.Rxc2 Nxd5 63.Rc8+ Kf7 64.Bd2
e5 65.fxe6+ Kxe6 66.Rh8 f5 67.Rxh6+ Ke5 68.gxf5 Kxf5 69.Rxd6 Ke5 70.Rxd5+ 1-0

[Event "European Seniors Teams Ch."]
[Site "Olympus"]
[Date "2011.05.07"]
[Round "5"]
[Board "2"]
[White "Winiwarter, Felix"]
[Black "Hecht, Hans-Joachim"]
[Result "1/2-1/2"]
[WhiteElo "2167"]
[BlackElo "2377"]
[PlyCount "50"]
[EventDate "2011.05.03"]
[EventType "team"]
[EventRounds "9"]
[EventCountry "GRE"]
[WhiteTeam "Niederoesterreich"]
[BlackTeam "Germany"]

1.e4 e5 2.Nf3 Nc6 3.Bb5 f5 4.d3 fxe4 5.dxe4 Nf6 6.O-O Bc5 7.Qd3 d6 8.Qc4 Qe7
9.Nc3 Bd7 10.Nd5 Nxd5 11.exd5 Nd4 12.Nxd4 Bxd4 13.c3 Bb6 14.a4 a6 15.Bxd7+ Qxd7
16.a5 Ba7 17.Be3 O-O 18.Bxa7 Rxa7 19.f4 exf4 20.Rxf4 Rxf4 21.Qxf4 Ra8 22.Rf1 Re8
23.h3 Qe7 24.Kh1 h6 25.Qf5 Rf8 1/2-1/2

[Event "European Seniors Teams Ch."]
[Site "Olympus"]
[Date "2011.05.07"]
[Round "5"]
[Board "3"]
[White "Klundt, Klaus"]
[Black "Weinwurm, Wolfgang"]
[Result "1-0"]
[WhiteElo "2379"]
[BlackElo "2190"]
[PlyCount "69"]
[EventDate "2011.05.03"]
[EventType "team"]
[EventRounds "9"]
[EventCountry "GRE"]
[WhiteTeam "Germany"]
[BlackTeam "Niederoesterreich"]

1.e4 e5 2.Nf3 Nc6 3.Bb5 a6 4.Ba4 Nf6 5.O-O b5 6.Bb3 Bb7 7.d3 Be7 8.a4 O-O 9.Nc3
b4 10.Nd5 Na5 11.Ba2 Nxd5 12.exd5 Bd6 13.c3 bxc3 14.bxc3 c6 15.c4 h6 16.Rb1 Rb8
17.Bd2 cxd5 18.cxd5 Ba8 19.Rxb8 Bxb8 20.Qc2 Nb7 21.Qc4 Qf6 22.Rb1 Ba7 23.Bc3 Bb8
24.a5 Bd6 25.Rb6 Qf4 26.Rxa6 Re8 27.Bd2 Qf6 28.Rb6 Nc5 29.Bc3 Qe7 30.h3 Bc7
31.d6 Bxd6 32.Rxd6 Rc8 33.Nxe5 Qxd6 34.Qxf7+ Kh7 35.Qf5+ 1-0

[Event "European Seniors Teams Ch."]
[Site "Olympus"]
[Date "2011.05.07"]
[Round "5"]
[Board "4"]
[White "Strobel, Ferdinand"]
[Black "Werner, Clemens"]
[Result "0-1"]
[WhiteElo "2128"]
[BlackElo "2344"]
[PlyCount "50"]
[EventDate "2011.05.03"]
[EventType "team"]
[EventRounds "9"]
[EventCountry "GRE"]
[WhiteTeam "Niederoesterreich"]
[BlackTeam "Germany"]

1.f4 g6 2.Nf3 Bg7 3.g3 d5 4.Bg2 c5 5.d3 Nc6 6.O-O Nf6 7.Nc3 d4 8.Na4 Nd7 9.c4
Qc7 10.a3 b6 11.Rb1 a5 12.e4 O-O 13.Bd2 e6 14.b3 Bb7 15.g4 Bh6 16.Nh4 f6 17.f5
Bxd2 18.Qxd2 exf5 19.gxf5 g5 20.Nf3 Kh8 21.Nb2 Rg8 22.Kh1 g4 23.Nh4 Rg5 24.Rf4
Nde5 25.Qe2 Rag8 0-1

[Event "European Seniors Teams Ch."]
[Site "Olympus"]
[Date "2011.05.07"]
[Round "5"]
[Board "1"]
[White "Danner, Georg"]
[Black "Watzka, Horst"]
[Result "1/2-1/2"]
[WhiteElo "2416"]
[BlackElo "2274"]
[PlyCount "32"]
[EventDate "2011.05.03"]
[EventType "team"]
[EventRounds "9"]
[EventCountry "GRE"]
[WhiteTeam "Austria"]
[BlackTeam "Steiermark, Austria"]

1.Nf3 c5 2.c4 Nc6 3.Nc3 d6 4.g3 g6 5.Bg2 Bg7 6.O-O e5 7.Ne1 Nge7 8.Nc2 O-O 9.Ne3
Rb8 10.d3 a6 11.a4 Nb4 12.Bd2 f5 13.Ned5 Nbxd5 14.Nxd5 Nxd5 15.Bxd5+ Kh8 16.b4
f4 1/2-1/2

[Event "European Seniors Teams Ch."]
[Site "Olympus"]
[Date "2011.05.07"]
[Round "5"]
[Board "2"]
[White "Kratschmer, Heinz"]
[Black "Hoelzl, Franz"]
[Result "1/2-1/2"]
[WhiteElo "2177"]
[BlackElo "2342"]
[PlyCount "58"]
[EventDate "2011.05.03"]
[EventType "team"]
[EventRounds "9"]
[EventCountry "GRE"]
[WhiteTeam "Steiermark, Austria"]
[BlackTeam "Austria"]

1.d4 e6 2.e4 d5 3.Nd2 Nc6 4.Ngf3 Nf6 5.e5 Ne4 6.Bd3 Nxd2 7.Bxd2 Nb4 8.Bxb4 Bxb4+
9.c3 Be7 10.O-O Bd7 11.b4 O-O 12.Nd2 b6 13.f4 c5 14.a3 Qe8 15.Qe2 Rc8 16.Nf3
cxd4 17.cxd4 a5 18.b5 a4 19.Qb2 f6 20.exf6 Bxf6 21.Ne5 Bxe5 22.fxe5 Qe7 23.Rac1
Qg5 24.Rxc8 Qe3+ 25.Qf2 Qxf2+ 26.Rxf2 Rxc8 27.Rc2 Rxc2 28.Bxc2 Bxb5 29.Kf2 Kf7 1/2-1/2

[Event "European Seniors Teams Ch."]
[Site "Olympus"]
[Date "2011.05.07"]
[Round "5"]
[Board "3"]
[White "Ager, Josef"]
[Black "Nickl, Klaus"]
[Result "1/2-1/2"]
[WhiteElo "2188"]
[BlackElo "2149"]
[PlyCount "48"]
[EventDate "2011.05.03"]
[EventType "team"]
[EventRounds "9"]
[EventCountry "GRE"]
[WhiteTeam "Austria"]
[BlackTeam "Steiermark, Austria"]

1.Nf3 Nf6 2.c4 g6 3.Nc3 Bg7 4.g3 O-O 5.Bg2 d6 6.O-O Nc6 7.Rb1 a5 8.a3 e5 9.d3
Nd4 10.Ne1 c6 11.e3 Nf5 12.Nf3 Re8 13.e4 Nd4 14.Nxd4 exd4 15.Ne2 d5 16.exd5 cxd5
17.c5 Qe7 18.Nxd4 Qxc5 19.Nf3 Bf5 20.d4 Qb5 21.Ra1 Bd3 22.a4 Qa6 23.Re1 Rxe1+
24.Nxe1 Be4 1/2-1/2

[Event "European Seniors Teams Ch."]
[Site "Olympus"]
[Date "2011.05.07"]
[Round "5"]
[Board "4"]
[White "Pitzl, Konstantinos"]
[Black "Singer, Hans"]
[Result "1/2-1/2"]
[WhiteElo "2095"]
[BlackElo "2274"]
[PlyCount "51"]
[EventDate "2011.05.03"]
[EventType "team"]
[EventRounds "9"]
[EventCountry "GRE"]
[WhiteTeam "Steiermark, Austria"]
[BlackTeam "Austria"]

1.Nf3 Nf6 2.g3 b6 3.Bg2 Bb7 4.b3 e6 5.Bb2 Be7 6.O-O O-O 7.d3 d5 8.Nbd2 c5 9.Ne5
Nbd7 10.c4 Nxe5 11.Bxe5 Bd6 12.Bb2 Qe7 13.e4 d4 14.f4 e5 15.f5 h6 16.Bc1 Nh7
17.Nf3 Qc7 18.h4 f6 19.Nh2 Rfd8 20.Bf3 Bc6 21.Qe2 Be8 22.Rf2 Rab8 23.a4 a6
24.Bh5 Bxh5 25.Qxh5 Qf7 26.Qf3 1/2-1/2

[Event "European Seniors Teams Ch."]
[Site "Olympus"]
[Date "2011.05.07"]
[Round "5"]
[Board "1"]
[White "Einarsson, Arnthor"]
[Black "Vucenovic, Dragomir"]
[Result "1/2-1/2"]
[WhiteElo "2227"]
[BlackElo "2249"]
[PlyCount "78"]
[EventDate "2011.05.03"]
[EventType "team"]
[EventRounds "9"]
[EventCountry "GRE"]
[WhiteTeam "Polar Bears Iceland"]
[BlackTeam "Switzerland"]

1.Nf3 Nf6 2.c4 c5 3.Nc3 Nc6 4.g3 e6 5.d4 cxd4 6.Nxd4 Nxd4 7.Qxd4 d6 8.Bg2 Be7
9.b3 O-O 10.Bb2 e5 11.Qd2 a6 12.O-O Qc7 13.Rac1 Be6 14.Rfd1 Rfd8 15.Nd5 Bxd5
16.Bxd5 Nxd5 17.Qxd5 b6 18.Ba3 Rac8 19.Qe4 g6 20.Rd5 Qd7 21.Qd3 Qe6 22.Rd1 Rc6
23.e4 h5 24.Bb4 a5 25.Ba3 a4 26.Kg2 axb3 27.axb3 Bf8 28.Bb2 Bg7 29.Rb5 Ra8
30.Bc1 Qc8 31.Be3 Ra6 32.Qd5 Bf8 33.h4 Qc7 34.Rd3 Ra2 35.Rd2 Ra6 36.Bg5 Rc5
37.Qd3 Qa7 38.Be3 Rc6 39.Qd5 Qc7 {...inc. 48  moves} 1/2-1/2

[Event "European Seniors Teams Ch."]
[Site "Olympus"]
[Date "2011.05.07"]
[Round "5"]
[Board "2"]
[White "Bhend, Edwin"]
[Black "Gunnarsson, Gunnar K"]
[Result "1-0"]
[WhiteElo "2257"]
[BlackElo "2209"]
[PlyCount "101"]
[EventDate "2011.05.03"]
[EventType "team"]
[EventRounds "9"]
[EventCountry "GRE"]
[WhiteTeam "Switzerland"]
[BlackTeam "Polar Bears Iceland"]

1.e4 c5 2.f4 e6 3.Nf3 d5 4.Bb5+ Nc6 5.Nc3 Nf6 6.e5 Nd7 7.O-O a6 8.Bxc6 bxc6 9.b3
Be7 10.Ba3 O-O 11.Kh1 a5 12.Na4 Ba6 13.d3 Bb5 14.Nb2 a4 15.c4 axb3 16.axb3 Ba6
17.Na4 Qa5 18.Bb2 Qc7 19.Qe2 Rfb8 20.Nd2 Nb6 21.Nc3 dxc4 22.bxc4 Qd7 23.Nde4 Qd8
24.Ra2 Bb7 25.Ba3 Ra5 26.Rfa1 Rba8 27.Bc1 Rxa2 28.Rxa2 Rxa2 29.Nxa2 Ba6 30.Nac3
h6 31.Be3 Nd7 32.g3 Qa5 33.Qa2 Qb6 34.Na4 Qb4 35.Bd2 Qb7 36.Qb2 Qa7 37.Qb3 f5
38.exf6 Nxf6 39.Nxf6+ Bxf6 40.Be3 Bd4 41.Bxd4 cxd4 42.Qb6 Qa8 43.Nc5 Bxc4
44.dxc4 Qa1+ 45.Kg2 Qa2+ 46.Kh3 Qxc4 47.Qxc6 d3 48.Qa8+ Kf7 49.Nd7 Qb5 50.Ne5+
Ke7 51.Qa3+ 1-0

[Event "European Seniors Teams Ch."]
[Site "Olympus"]
[Date "2011.05.07"]
[Round "5"]
[Board "3"]
[White "Finnlaugsson, Gunnar"]
[Black "Hohler, Peter"]
[Result "1/2-1/2"]
[WhiteElo "2075"]
[BlackElo "2157"]
[PlyCount "103"]
[EventDate "2011.05.03"]
[EventType "team"]
[EventRounds "9"]
[EventCountry "GRE"]
[WhiteTeam "Polar Bears Iceland"]
[BlackTeam "Switzerland"]

1.e4 e5 2.Nf3 Nc6 3.Bb5 a6 4.Ba4 Nf6 5.O-O Be7 6.Re1 b5 7.Bb3 d6 8.c3 O-O 9.h3
Na5 10.Bc2 c5 11.d4 Qc7 12.Nbd2 Bd7 13.Nf1 Nc4 14.Ng3 g6 15.b3 Nb6 16.Bh6 Rfc8
17.Rc1 c4 18.Bb1 a5 19.Qd2 Ne8 20.h4 Bf6 21.h5 Ng7 22.hxg6 hxg6 23.d5 Qd8 24.Bc2
cxb3 25.axb3 a4 26.bxa4 Nxa4 27.Bd3 Nc5 28.Rb1 Nxd3 29.Qxd3 Ra3 30.Ne2 Ne8
31.Bc1 Ra4 32.Be3 Nc7 33.Nd2 Na8 34.Red1 Nb6 35.Rxb5 Nc4 36.Rb7 Rc7 37.Rb3 Kg7
38.Nxc4 Raxc4 39.Bb6 Ba4 40.Bxc7 Qxc7 41.Rdb1 Bxb3 42.Rxb3 Ra4 43.g3 Qa7 44.Kg2
Ra2 45.Kf3 Qd7 46.Qb1 Ra7 47.Rb6 Bd8 48.Rb5 Qh3 49.Rb2 g5 50.Ke3 g4 51.Kd3 Qg2
52.Ng1 1/2-1/2

[Event "European Seniors Teams Ch."]
[Site "Olympus"]
[Date "2011.05.07"]
[Round "5"]
[Board "4"]
[White "Illi, Hans-Joerg"]
[Black "Kristjansson, Sigurdur"]
[Result "1-0"]
[WhiteElo "2141"]
[BlackElo "1945"]
[PlyCount "77"]
[EventDate "2011.05.03"]
[EventType "team"]
[EventRounds "9"]
[EventCountry "GRE"]
[WhiteTeam "Switzerland"]
[BlackTeam "Polar Bears Iceland"]

1.d4 f5 2.Nf3 Nf6 3.Bg5 e6 4.Nbd2 Be7 5.Bxf6 Bxf6 6.e4 d5 7.e5 Be7 8.Bd3 O-O
9.h3 b6 10.g4 c5 11.gxf5 exf5 12.c3 Nc6 13.Qe2 cxd4 14.Nxd4 Nxd4 15.cxd4 Be6
16.O-O-O Bg5 17.Kb1 Rc8 18.h4 Bh6 19.Nf3 Kh8 20.Rdg1 Rc7 21.Ng5 Qe7 22.f4 Bd7
23.Qd2 Be6 24.Rc1 Rfc8 25.a3 Rxc1+ 26.Rxc1 Rxc1+ 27.Qxc1 g6 28.Qc6 Bxg5 29.hxg5
Kg7 30.Bc2 h6 31.gxh6+ Kxh6 32.Bb3 Qf7 33.Qa8 g5 34.Qh8+ Kg6 35.Ba4 Qg7 36.Be8+
Bf7 37.Qxg7+ Kxg7 38.Bxf7 Kxf7 39.fxg5 1-0

[Event "European Seniors Teams Ch."]
[Site "Olympus"]
[Date "2011.05.07"]
[Round "5"]
[Board "1"]
[White "Baumbach, Friedrich Dr"]
[Black "Malmdin, Nils-Ake"]
[Result "1/2-1/2"]
[WhiteElo "2283"]
[BlackElo "2278"]
[PlyCount "25"]
[EventDate "2011.05.03"]
[EventType "team"]
[EventRounds "9"]
[EventCountry "GRE"]
[WhiteTeam "Stiftung BSW DBAG 1"]
[BlackTeam "Sweden 1"]

1.d4 Nf6 2.Nf3 e6 3.c4 Bb4+ 4.Bd2 c5 5.Bxb4 cxb4 6.Qd3 O-O 7.e4 d6 8.Nbd2 a5
9.Be2 b6 10.O-O Bb7 11.a3 Na6 12.Rfd1 h6 13.Rac1 1/2-1/2

[Event "European Seniors Teams Ch."]
[Site "Olympus"]
[Date "2011.05.07"]
[Round "5"]
[Board "2"]
[White "Petersson, Gosta"]
[Black "Kugelmann, Werner"]
[Result "1-0"]
[WhiteElo "2113"]
[BlackElo "2226"]
[PlyCount "67"]
[EventDate "2011.05.03"]
[EventType "team"]
[EventRounds "9"]
[EventCountry "GRE"]
[WhiteTeam "Sweden 1"]
[BlackTeam "Stiftung BSW DBAG 1"]

1.g3 g6 2.Bg2 Bg7 3.c4 d6 4.Nc3 e5 5.e3 Nc6 6.Nge2 Be6 7.d3 Qd7 8.Nd5 Nd8 9.e4
c6 10.Ne3 Bh3 11.O-O Bxg2 12.Kxg2 Ne7 13.d4 exd4 14.Nxd4 O-O 15.Rb1 Ne6 16.Ndc2
Nc5 17.f3 Rad8 18.b3 f5 19.exf5 Nxf5 20.Bb2 Bxb2 21.Rxb2 Qg7 22.Rb1 Nxe3+
23.Nxe3 Rfe8 24.Qd2 Re6 25.Rfe1 Rde8 26.Ng4 Qe7 27.Rxe6 Qxe6 28.Rd1 Qe2+ 29.Nf2
Re3 30.Qxd6 Qxf3+ 31.Kg1 Ne6 32.Rf1 Re2 33.Qd3 Ng5 34.Qd8+ 1-0

[Event "European Seniors Teams Ch."]
[Site "Olympus"]
[Date "2011.05.07"]
[Round "5"]
[Board "3"]
[White "Fleuch, Hans-Juergen"]
[Black "Svensson, Soren"]
[Result "1/2-1/2"]
[WhiteElo "2078"]
[BlackElo "2109"]
[PlyCount "33"]
[EventDate "2011.05.03"]
[EventType "team"]
[EventRounds "9"]
[EventCountry "GRE"]
[WhiteTeam "Stiftung BSW DBAG 1"]
[BlackTeam "Sweden 1"]

1.d4 Nf6 2.Nf3 e6 3.e3 d5 4.Bd3 c5 5.c3 Nc6 6.O-O Bd6 7.Nbd2 O-O 8.Re1 Re8 9.e4
dxe4 10.Nxe4 Nxe4 11.Bxe4 cxd4 12.Nxd4 Nxd4 13.Qxd4 Qc7 14.g3 Bc5 15.Qd3 g6
16.Qb5 Rd8 17.Bg5 1/2-1/2